Michel ou Louis ? - Statistiques

Statistiques générales
  • Ce quiz a été pris 192 fois
  • Le résultat moyen est 16 sur 21
Statistiques - réponses
Hint Explanation Réponse % Correct
A développé le vaccin contre la rage Louis Pasteur Louis
92%
Mère qui a perdu son chat La mère Michel Michel
91%
Célèbre Jean-Claude Dusse des Bronzés Michel Blanc Michel
90%
Roi-Soleil qui n'était pas dans la Lune Louis XIV Louis
89%
Possède 18 représentants royaux en France Il y a 18 rois français nommés Louis Louis
88%
Fils du prince William et de Kate Middleton Louis de Galles Louis
87%
Monsieur et Madame Stiti ont un fils, comment s'appelle-t-il ? Louis Stiti ! Louis
86%
Claude Nougaro a chanté une chanson en hommage à ce jazzman Louis Armstrong Louis
86%
Pour un flirt il ferait n'importe quoi Michel Delpech Michel
86%
Mari de France Gall, a écrit et chanté "Ça balance pas mal à Paris" avec elle Michel Berger Michel
85%
A chanté "La poupée qui fait non" Michel Polnareff Michel
84%
Créateur d'une marque de luxe, son logo est composé de ses initiales Louis Vuitton Louis
82%
Fut décapité à cause d'une pièce à son effigie Louis XVI Louis
82%
Présente Vivement Dimanche et a présenté Champs-Élysées Michel Drucker Michel
82%
Il a inventé le cinéma avec son frère Auguste Louis Lumière Louis
79%
A inventé le système d'écriture en 3 dimensions pour les personnes aveugles Louis Braille Louis
78%
Footballeur français, né le même jour et la même année que Jean-Pierre Mader Michel Platini (21/6/1955) Michel
67%
Est surtout connu pour son fou rire de "Matin Bonheur" Michel Boujenah Michel
66%
Ne s'appelle plus France Michel Sardou Michel
63%
Créateur français de jeux vidéo, il a créé Rayman Michel Ancel Michel
56%
A joué dans la saga "le Gendarme" Louis de Funès, Michel Galabru, Michel Modo Les deux
31%
Aucun quiz correspondant
Distribution des résultats
% des personnes avec chaque résultat
Percentile par nombre de réponses
Votre historique - résultats
Vous n’avez pas pris ce quiz